Central Library OPAC University of Rajshahi

Handbook of workmen's compensation legislation : (Record no. 47137)

MARC details
000 -LEADER
fixed length control field 01526nam a2200313 a 4500
001 - CONTROL NUMBER
control field 47137
003 - CONTROL NUMBER IDENTIFIER
rucl marc code BD-RjUL
005 - DATE AND TIME OF LATEST TRANSACTION
control field 20211209054250.0
008 - FIXED-LENGTH DATA ELEMENTS--GENERAL INFORMATION
fixed length control field 160807s1967 pk f 000 0 eng
035 ## - SYSTEM CONTROL NUMBER
System control number (BD-RjUL)47256
System control number (OCoLC)11081168
040 ## - CATALOGING SOURCE
Original cataloging agency DLC
Transcribing agency CLS
Modifying agency DLC
Language of cataloging eng
041 ## - LANGUAGE CODE
Language code of text/sound track or separate title eng
082 ## - DEWEY DECIMAL CLASSIFICATION NUMBER
Classification number 304
Author mark and year SHH 1967
100 ## - MAIN ENTRY--PERSONAL NAME
Personal name Shafi, M.
9 (RLIN) 143535
110 1# - MAIN ENTRY--CORPORATE NAME
Corporate name or jurisdiction name as entry element Pakistan.
Form subheading Laws, statutes, etc.
9 (RLIN) 143544
245 10 - TITLE STATEMENT
Title Handbook of workmen's compensation legislation :
Remainder of title containing the Workmen's compensation act with commentary and rules framed thereunder in East and West Pakistan /
Statement of responsibility, etc. M. Shafi.
250 ## - EDITION STATEMENT
Edition statement 1967 ed.
260 ## - PUBLICATION, DISTRIBUTION, ETC. (IMPRINT)
Place of publication, distribution, etc. Karachi :
Name of publisher, distributor, etc. Bureau of Labour Publications,
Date of publication, distribution, etc. 1967
300 ## - PHYSICAL DESCRIPTION
Pagination 126 p. ;
Size 24 cm.
505 0# - FORMATTED CONTENTS NOTE
Formatted contents note The Workmen's compensation act, 1923.--The Employers' liability act, 1938.--The Fatal accidents act, 1855.--East Pakistan workmen's compensation rules, 1924.--East Bengal workmen's compensation (registration of cases) rules, 1953.--East Bengal workmen's compensation rules concerning fees and costs.--West Pakistan workmen's compensation rules, 1961.
650 #0 - SUBJECT ADDED ENTRY--TOPICAL TERM
Topical term or geographic name as entry element Workers' compensation
Geographic subdivision Pakistan.
9 (RLIN) 133120
710 1# - ADDED ENTRY--CORPORATE NAME
Corporate name or jurisdiction name as entry element Pakistan.
Form subheading Laws, statutes, etc.
Title of a work Workmen's compensation act, 1923.
9 (RLIN) 133169
Corporate name or jurisdiction name as entry element Pakistan.
Form subheading Laws, statutes, etc.
Title of a work Employers' liability act, 1938.
9 (RLIN) 143537
Corporate name or jurisdiction name as entry element Pakistan.
Form subheading Laws, statutes, etc.
Title of a work Fatal accidents act, 1855.
9 (RLIN) 133171
942 ## - ADDED ENTRY ELEMENTS (KOHA)
Source of classification or shelving scheme Dewey Decimal Classification
Koha item type Books
Holdings
Lost status Source of classification or shelving scheme Damaged status Not for loan Collection code Permanent Location Current Location Shelving location Date acquired Source of acquisition Cost, normal purchase price Total Checkouts Full call number Date last seen Copy number Koha item type
  Dewey Decimal Classification   Not For Loan Non-fiction Central Library, University of Rajshahi Central Library, University of Rajshahi Reading Room 07/10/1968 Bareau of labour pub. 10.00   304 SHH 1967 07/08/2016 C-1 Books